The Haggadah of the Kaifeng Jews of China
This comprehensive textual treatment of the Kaifeng Passover Rite is a significant contribution to the ongoing discussion as to the Community's origins in particular and to comparative Jewish liturgy in general
| Authors: | ; |
|---|---|
| Format: | Print Book |
| Language: | English Judeo-Persian Aramaic |
| Subito Delivery Service: | Order now. |
| Check availability: | HBZ Gateway |
| WorldCat: | WorldCat |
| Interlibrary Loan: | Interlibrary Loan for the Fachinformationsdienste (Specialized Information Services in Germany) |
| Published: |
Leiden Boston
Brill
2011
|
| In: |
The Brill reference library of ancient Judaism (32)
Year: 2011 |
| Series/Journal: | The Brill reference library of ancient Judaism
32 |
| Standardized Subjects / Keyword chains: | B
Kaifeng Xian
/ Jews
/ Haggadah
|
| Further subjects: | B
Haggadah (Kaifeng Shi, China)
B Judaism (China) (Kaifeng Shi) Liturgy Texts B Jews (China) (Kaifeng Shi) History B Seder Liturgy Texts B Haggadot Texts B Seder Liturgy Texts B Religion B Haggadot Texts B Jews (China) (Kaifeng Shi) Intellectual life B Jews China Kaifeng Shi Intellectual life B Jews China Kaifeng Shi History B Judaism China Kaifeng Shi Liturgy Texts |
MARC
| LEADER | 00000cam a2200000 c 4500 | ||
|---|---|---|---|
| 001 | 664450474 | ||
| 003 | DE-627 | ||
| 005 | 20251223225811.0 | ||
| 007 | tu | ||
| 008 | 110719s2011 ne ||||| 00| ||eng c | ||
| 010 | |a 2011028618 | ||
| 020 | |a 9789004208094 |c hardback : alk. paper |9 978-90-04-20809-4 | ||
| 020 | |a 9004208097 |c hardback : alk. paper |9 90-04-20809-7 | ||
| 035 | |a (DE-627)664450474 | ||
| 035 | |a (DE-576)429716044 | ||
| 035 | |a (DE-599)GBV664450474 | ||
| 035 | |a (OCoLC)774046906 | ||
| 040 | |a DE-627 |b ger |c DE-627 |e rakwb | ||
| 041 | |a eng |a jpr |a arc | ||
| 044 | |c XA-NL | ||
| 050 | 0 | |a BM674.79 | |
| 050 | 0 | |a BM674.79 .W66 2011 | |
| 072 | 7 | |a REL040010 |2 bisacsh | |
| 082 | 0 | |a 296.4/5371095118 |q LOC |2 23 | |
| 082 | 0 | |a 296.4 | |
| 082 | 0 | |a 296.45371095118 | |
| 084 | |a 0 |2 ssgn | ||
| 084 | |a 11.23 |2 bkl | ||
| 100 | 1 | |0 (DE-588)1016851863 |0 (DE-627)671609289 |0 (DE-576)35275236X |4 aut |a Wong, Fook-Kong | |
| 109 | |a Wong, Fook-Kong |a Huang, Fuguang | ||
| 240 | 1 | 0 | |a Haggadah |
| 245 | 1 | 4 | |a The Haggadah of the Kaifeng Jews of China |c by Fook-Kong Wong and Dalia Yasharpour |
| 264 | 1 | |a Leiden |a Boston |b Brill |c 2011 | |
| 300 | |a VIII, 216 S. |b Ill. | ||
| 336 | |a Text |b txt |2 rdacontent | ||
| 337 | |a ohne Hilfsmittel zu benutzen |b n |2 rdamedia | ||
| 338 | |a Band |b nc |2 rdacarrier | ||
| 490 | 1 | |a The Brill reference library of Judaism |v v. 32 | |
| 500 | |a Includes bibliographical references | ||
| 500 | |a Includes full text of the Hebrew/Aramaic and Judeo-Persian Haggadah in Hebrew characters, with English translation and commentary. - Includes bibliographical references and index | ||
| 520 | |a This comprehensive textual treatment of the Kaifeng Passover Rite is a significant contribution to the ongoing discussion as to the Community's origins in particular and to comparative Jewish liturgy in general | ||
| 630 | 2 | 0 | |a Haggadah (Kaifeng Shi, China) |
| 650 | 0 | |a Haggadot |v Texts | |
| 650 | 0 | |a Seder |x Liturgy |v Texts | |
| 650 | 0 | |a Judaism |z China |z Kaifeng Shi |x Liturgy |v Texts | |
| 650 | 0 | |a Jews |z China |z Kaifeng Shi |x History | |
| 650 | 0 | |a Jews |z China |z Kaifeng Shi |x Intellectual life | |
| 650 | 0 | |a Haggadot |x Texts | |
| 650 | 0 | |a Jews |x China |x Kaifeng Shi |x History | |
| 650 | 0 | |a Jews |x China |x Kaifeng Shi |x Intellectual life | |
| 650 | 0 | |a Seder |x Liturgy |x Texts | |
| 650 | 4 | |a Judaism |x China |x Kaifeng Shi |x Liturgy |x Texts | |
| 650 | 4 | |a Religion | |
| 689 | 0 | 0 | |d g |0 (DE-588)4249590-8 |0 (DE-627)104781009 |0 (DE-576)210749733 |2 gnd |a Kaifeng |
| 689 | 0 | 1 | |d s |0 (DE-588)4028808-0 |0 (DE-627)10430670X |0 (DE-576)208979565 |2 gnd |a Juden |
| 689 | 0 | 2 | |d u |0 (DE-588)4136392-9 |0 (DE-627)105657794 |0 (DE-576)209668792 |a Aggadah |2 gnd |
| 689 | 0 | |5 (DE-627) | |
| 700 | 1 | |8 1\p |0 (DE-588)1221751433 |0 (DE-627)1739139984 |4 aut |a Yasharpour, Dalia | |
| 700 | 1 | 2 | |a Wong, Fook-Kong |t Haggadah |
| 830 | 4 | |a The Brill reference library of ancient Judaism |v 32 |9 32 |w (DE-627)320648753 |w (DE-576)087425416 |w (DE-600)2025697-8 |x 1566-1237 |7 am | |
| 883 | |8 1\p |a cgwrk |d 20241001 |q DE-101 |u https://d-nb.info/provenance/plan#cgwrk | ||
| 935 | |i Blocktest | ||
| 936 | b | k | |a 11.23 |j Ritus |j religiöse Gebräuche |x Judentum |0 (DE-627)106404261 |
| 951 | |a BO | ||
| ELC | |b 1 | ||
| ORI | |a SA-MARC-ixtheo_oa001.raw | ||
| REL | |a 1 | ||
| STA | 0 | 0 | |a Haggadah,Agadah,Hagadah,Jews,Jews,Jew,Jews in literature,Kaifeng Xian,Religion,Religion in literature,Religions,Religion |
| STB | 0 | 0 | |a Juifs,Juifs,Religion,Religions,Religion |
| STC | 0 | 0 | |a Judíos,Judíos,Judíos,Religión,Religión,Religión |
| STD | 0 | 0 | |a Ebrei,Ebrei,Religione,Religione,Religione |
| STE | 0 | 0 | |a 宗教,宗教,犹太人,犹太人 |
| STF | 0 | 0 | |a 宗教,宗教,猶太人,猶太人 |
| STG | 0 | 0 | |a Judeus,Judeus,Religião,Religião |
| STH | 0 | 0 | |a Евреи (мотив),Евреи,Религия,Религия (мотив) |
| STI | 0 | 0 | |a Εβραίοι (μοτίβο),Εβραίοι,Θρησκεία,Θρησκεία (μοτίβο) |
| SUB | |a REL | ||
| SYE | 0 | 0 | |a Religion,Mystik,Mythologie |
| SYG | 0 | 0 | |a K'ai-feng,Bianliang,Bian,Bianjing,Pien-liang,Pien-ching,Cai Fong Fu,Kai Fong Fu , Jews,Jüdinnen,Jude,Jüdin,Jude , Agada,Aggada,Haggada,Haggadah,Hagada |



